Poetics for the Gospels? : (Record no. 35792)
[ view plain ]
| 000 -LEADER | |
|---|---|
| fixed length control field | 00799nam a2200193 4500 |
| 008 - FIXED-LENGTH DATA ELEMENTS--GENERAL INFORMATION | |
| fixed length control field | 120615s2002 enka b 001 0 eng d |
| 020 ## - INTERNATIONAL STANDARD BOOK NUMBER | |
| International Standard Book Number | 0567088510 :Theological Book Network |
| 090 ## - LOCALLY ASSIGNED LC-TYPE CALL NUMBER (OCLC); LOCAL CALL NUMBER (OCLC) | |
| Classification number (OCLC) (R) ; Classification number, CALL (RLIN) (NR) | BS2555.2 |
| Local cutter number (OCLC) ; Book number/undivided call number, CALL (RLIN) | M54 |
| -- | 2002 |
| 100 1# - MAIN ENTRY--PERSONAL NAME | |
| Personal name | Merenlahti, Petri. |
| 245 10 - TITLE STATEMENT | |
| Title | Poetics for the Gospels? : |
| Remainder of title | rethinking narrative criticism / |
| Statement of responsibility, etc | Petri Merenlahti. |
| 260 ## - PUBLICATION, DISTRIBUTION, ETC. (IMPRINT) | |
| Place of publication, distribution, etc | London ; |
| -- | New York : |
| Name of publisher, distributor, etc | T&T Clark, |
| Date of publication, distribution, etc | 2002. |
| 300 ## - PHYSICAL DESCRIPTION | |
| Extent | xi, 174 p. : |
| Other physical details | ill. ; |
| Dimensions | 23 cm. |
| 490 1# - SERIES STATEMENT | |
| Series statement | Studies of the New Testament and its world |
| 490 1# - SERIES STATEMENT | |
| Series statement | T & T Clark academic paperbacks |
| 504 ## - BIBLIOGRAPHY, ETC. NOTE | |
| Bibliography, etc | Includes bibliographical references (p. 147-160) and indexes. |
| 630 04 - SUBJECT ADDED ENTRY--UNIFORM TITLE | |
| Uniform title | Bible. |
| Name of part/section of a work | N.T. |
| -- | Gospels |
| General subdivision | Criticism, interpretation, etc. |
| 650 #4 - SUBJECT ADDED ENTRY--TOPICAL TERM | |
| Topical term or geographic name as entry element | Narration in the Bible. |
| 951 ## - EQUIVALENCE OR CROSS-REFERENCE-GEOGRAPHIC NAME/AREA NAME [OBSOLETE] [CAN/MARC only] | |
| -- | 35093 |
| -- | BS2555.2/M54/2002 |
| -- | 120615171944140 |
| -- | 2000-12-21 |
| -- | GC |
| Withdrawn status | Lost status | Source of classification or shelving scheme | Damaged status | Not for loan | Home library | Current library | Shelving location | Source of acquisition | Accession number | Total Checkouts | Full call number | Barcode | Date last seen | Price effective from | Koha item type |
|---|---|---|---|---|---|---|---|---|---|---|---|---|---|---|---|
| Library of Congress Classification | BSOP Library | BSOP Library | GC | GiftL Theological Book Network | 35093 | BS2555.2/M54/2002 | 00041919 | 02/23/2013 | 02/23/2013 | Books |
